|
|
|
|
| LEADER |
01449nam a2200313 a 4500 |
| 008 |
090914s1988 enka b 001 0 eng d |
| 020 |
|
|
|a 0198286090 (pbk. : v. 1) :
|c £7.95 ($12.00 U.S.)
|
| 020 |
|
|
|a 0198286104 (v. 1) :
|c £25 ($37.50 U.S.)
|
| 020 |
|
|
|a 0198286112 (v. 2) :
|c $55.00 (U.S.)
|
| 040 |
|
|
|a DLC
|c DLC
|d DLC
|
| 082 |
0 |
0 |
|a 362.7/042
|2 19
|
| 245 |
0 |
0 |
|a Adjustment with a human face /
|c edited by Giovanni Andrea Cornia, Richard Jolly, and Frances Stewart.
|
| 260 |
|
|
|a Oxford, Oxfordshire :
|b Clarendon Press ;
|a Oxford, Oxfordshire ;
|a New York :
|b Oxford University Press,
|c c1988.
|
| 300 |
|
|
|a xvi, 304 p. :
|b ill. ;
|c 24 cm.
|
| 362 |
0 |
|
|a Vol. 2
|
| 504 |
|
|
|a Includes bibliographies and indexes.
|
| 505 |
0 |
|
|a v. 1. Protecting the vulnerable and promoting growth -- v. 2. Country case studies.
|
| 541 |
1 |
|
|e 00004557
|
| 650 |
|
1 |
|a Developing countries
|x Social policy.
|
| 650 |
|
1 |
|a Developing countries
|x Economic policy.
|
| 650 |
|
0 |
|a Child welfare
|z Developing countries.
|
| 650 |
|
0 |
|a Depressions.
|
| 650 |
|
0 |
|a Child welfare
|x Cross-cultural studies.
|
| 700 |
1 |
|
|a Cornia, Giovanni Andrea.
|
| 700 |
1 |
|
|a Jolly, Richard.
|
| 700 |
1 |
|
|a Stewart, Frances,
|d 1940-
|
| 852 |
4 |
|
|a Ayesha Abed Library
|j General shelf
|
| 999 |
|
|
|c 4021
|d 4021
|
| 952 |
|
|
|0 0
|1 0
|2 ddc
|4 0
|6 362_704200000000000_ADJ_1988
|7 0
|9 3704
|a BRACUL
|b BRACUL
|c GEN
|d 2009-10-03
|g 0.00
|l 0
|o 362.7042 ADJ
|p 3010004557
|r 2009-10-03
|t 1
|w 2009-10-03
|y BK
|x No price found in the accession register.
|